Southville International School and Colleges
Your cart is empty.
  • Cart
  • Lists
    Public lists Eva Luna New books Lux_list list_1
    Your lists Log in to create your own lists
  • Log in to your account
  • Your cookies
  • Search history
Southville International School and Colleges
  • Advanced search
  • Recent comments
  • Most popular
  • Libraries

Log in to your account

Log in with GOOGLE


If you do not have an external account, but do have a local account, you can still log in:

  1. Home
  2. MARC view: Little women /
Normal view MARC view ISBD view

Little women / (Record no. 278872)

[ view plain ]
MARC details
000 -LEADER
fixed length control field 00382nam a2200145Ia 4500
008 - FIXED-LENGTH DATA ELEMENTS--GENERAL INFORMATION
fixed length control field 150128s9999 xx 000 0 und d
020 ## - INTERNATIONAL STANDARD BOOK NUMBER
International Standard Book Number 0451523415
050 ## - LIBRARY OF CONGRESS CALL NUMBER
Classification number CLA
Item number AI1I 1983
100 ## - MAIN ENTRY--PERSONAL NAME
Personal name Alcott, Louisa May.
245 ## - TITLE STATEMENT
Title Little women /
250 ## - EDITION STATEMENT
Edition statement Louisa May Alcott.
260 ## - PUBLICATION, DISTRIBUTION, ETC. (IMPRINT)
Place of publication, distribution, etc New York:
Name of publisher, distributor, etc Penguin Books,
Date of publication, distribution, etc 1983.
300 ## - PHYSICAL DESCRIPTION
Extent 450 pages :
Dimensions 18 cm.
650 ## - SUBJECT ADDED ENTRY--TOPICAL TERM
General subdivision Fiction.
Holdings
Withdrawn status Lost status Source of classification or shelving scheme Damaged status Home library Current library Date acquired Total Checkouts Full call number Barcode Date last seen Price effective from Koha item type
    Dewey Decimal Classification   South Mansfield College South Mansfield College     CLA AI1I 1983 SMC1284 01/28/2015 01/28/2015 Books

Little women /

APA

Alcott L. M., . (1983). Little women. New York: Penguin Books.

Chicago

Alcott Louisa May, . 1983. Little women. New York: Penguin Books.

Harvard

Alcott L. M., . (1983). Little women. New York: Penguin Books.

MLA

Alcott Louisa May, . Little women. New York: Penguin Books. 1983.

  • Place hold
  • Print
  • Cite
  • Add to your cart (remove)
  • Save record
    BIBTEX Dublin Core MARCXML MARC (non-Unicode/MARC-8) MARC (Unicode/UTF-8) MARC (Unicode/UTF-8, Standard) MODS (XML) RIS
  • More searches
    Search for this title in:
    Other Libraries (WorldCat) Other Databases (Google Scholar) Online Stores (Bookfinder.com) Open Library (openlibrary.org)

Exporting to Dublin Core...

SOUTHVILLE LIBRARY

Southville International School and Colleges Library

1281 Tropical Ave. Cor. Luxembourg St., BF Homes International, Las Pinas City

Tel. No. 8256374 / 252358 Loc. 117/146

Powered by Koha